000 01309nam a22003617a 4500
003 CHAP
005 20220329140402.0
008 971013s1978 r 00010 d
010 _a51224
011 _a52196
035 _a56346
040 _cCHAP
090 _aTesis
100 0 0 _aRodríguez Zavaleta, Carlos.
_998974
245 _aEfecto de la tensión de la humedad del suelo sobre tres etapas fenológicas del cultivo de trigo
260 _aChapingo, Méx. :
_bEl autor,
_c1978
300 _a81 h.
_b; apénd. ; gráfs.
502 _aTesis (M. C. Esp. en Riego y Drenaje) -- ENA. Colegio de Postgraduados. Rama de Riego y Drenaje
590 _aALEPH
_b10
_c20130110
_lUCH01
_h1326
590 _aBATCH-UPD
_b10
_c20130110
_lUCH01
_h0141
590 _aBATCH-UPD
_b10
_c20130110
_lUCH01
_h1714
590 _aBATCH-UPD
_b10
_c20130410
_lUCH01
_h1059
590 _aBATCH-UPD
_b10
_c20130914
_lUCH01
_h2052
590 _aCONVERSION
_b10
_c20130109
_lUCH01
_h1328
650 1 4 _aTrigo
_xAgua requerida.
_9114956
650 1 4 _aTrigo
_xEfecto de la humedad.
_9115011
650 1 4 _aTrigo
_xEfecto del medio ambiente.
_9115015
901 _aBK
942 _cFOLL
949 _bBC
_cTES
_d-123126
_eTS1
_i56346
_si
949 _bBC
_cTES
_d-123128
_eTS2
_fc.3
_i56346
_si
949 _bBC
_cTES
_d33724000947727
_eTS2
_fc.2
_i56346
_si
999 _c51224
_d51224